000
00308nam a2200133Ia 4500
008
191201s2005 xx 000 0 und d
100
_a
GROFF, James R
245
4
_a
The Complete Reference SQL
250
_a
2nd
260
_a
N.Delhi
_b
TMH
_c
2005
300
_a
1062
650
_a
B.Tech(CSE)
942
_2
ddc
_c
BK
999
_c
1875
_d
1875